000 00618nam a22002297a 4500
003 UA-OsUOA
001 91132
007 ta
008 20121122b un ||||| |||| 00| 0 ukr d
100 _aОлійник С.
090 _a821.161.2
_bО-54
942 _cBK
040 _aUA-OsUOA
_bukr
_cUA-OsUOA
_dUA-OsUOA
245 _aГотов почати все спочатку...
_bвибране
300 _a382 с.
955 _a3
041 _aukr
080 _a821.161.2
260 _aК.
_bДніпро
_c1976
650 7 _a82 Література. Літературознавство
_2UDC
999 _c377407
_d377407